000 00282nam a22001217a 4500
082 _a823
_bBRE/W
100 _aBREDMAN, TONY
245 _aWHAT'S WRONG WITH BERTIE
260 _aUNITED KINGDOM
_bLADYBIRD BOOKS
300 _a15
650 _aENGLISH STORY
_zUNITED KINGDOM
942 _cBK
999 _c7506
_d7506